00834nam a2200277Ia 4500001000700000003000500007008004100012010001100053040000900064082001500073100003500088245009500123260003700218300001100255440000500266500000500271503000500276650011500281901001500396902000600411910000900417942000600426942000700432999001900439952009800458Z_5143CHAP220113s1987 xx 000 0 und d a168200 cCHAP a519.536 M3 aMartínez Garza, Angel972079 aTeoría de la regresión : con aplicaciones económicas /cpor Angel Martínez Garza aChapingo, Méx. :bC.P.,c1987 a490 p. a a a aAnálisis de regresión I. Colegio de Postgraduados. Chapingo, Méx. II. Castillo Morales, Alberto9142473 a519.536 M3 aA a1987 c1 cc1 c168200d168200 00102ddc40708GRALaZbZc3d2005-11-09pz_4929r2022-01-18 00:00:00t1w2022-01-18yLIBRO